Bruxas (Registo nº 1764)
[ vista simples ]
| 000 -Etiqueta do registo | |
|---|---|
| Cabeçalho | 00843nam a22002771 4500 |
| 005 - Identificador da versão | |
| Campo de controlo | 20240813121915.0 |
| 021 ## - Número do Depósito Legal | |
| Código do país | PT |
| 100 ## - Dados gerais de processamento | |
| Dados gerais de processamento | 20070507d1979 cd y0pory5003 ba |
| 102 ## - Pais de publicação ou produção | |
| País de publicação | Portugal |
| 101 1# - Língua de publicação | |
| Língua do texto, banda sonora, etc. | Português |
| Língua do documento no original | Inglês |
| 106 ## - Campo de dados codificados: material textual | |
| Dados codificados do material textual | r |
| 105 ## - Campo de dados codificados: livros | |
| Dados codificados dos livros | a t 000zy |
| 215 ## - Descrição física | |
| Indicação específica da natureza do documento e extensão da espécie | 32 p. |
| Outras indicações físicas | todo il. |
| Dimensões | 20 cm |
| 200 1# - Titulo e menção de responsabilidade | |
| Título próprio | Bruxas |
| Primeira menção de responsabilidade | Christopher Rawson, il. Stephen Cartwright |
| Outras menções de responsabilidade | trad. Helen Marcia Potter, adapt. Ana Sousa |
| 210 ## - Publicação, Distribuição, etc. | |
| Lugar da edição, distribuição, etc. | Lisboa |
| Nome do editor, distribuidor, etc. | Melhoramentos |
| Data da publicação, distribuição, etc. | cop. 1979 |
| 606 ## - Nome comum usado como assunto | |
| Número de registo de entrada de autoridade | 0000243 |
| Palavra de ordem | Literatura estrangeira infantil |
| Subdivisão de assunto | Banda desenhada |
| 675 ## - Classificação Decimal Universal (CDU) | |
| Notação | 82-9 |
| Edição | 2ª |
| Língua da edição | por |
| 702 #1 - Nome de autor-pessoa física (responsabilidade secundária) | |
| Número de registo de entrada de autoridade | 0000262 |
| Palavra de ordem | Potter |
| Outra parte do nome não tomada para palavra de ordem | Helen Marcia |
| Código de função | Tradutor |
| Número de registo de entrada de autoridade | 0000263 |
| Palavra de ordem | Sousa |
| Outra parte do nome não tomada para palavra de ordem | Ana |
| Código de função | Adaptador |
| 701 #1 - Nome de autor-pessoa física (co-responsabilidade principal) | |
| Palavra de ordem | Cartwright |
| Outra parte do nome não tomada para palavra de ordem | Stephen |
| Código de função | Ilustrador / Técnico de desenho computorizado |
| 700 #1 - Nome de autor-pessoa física (responsabilidade principal) | |
| Número de registo de entrada de autoridade | 0000260 |
| Palavra de ordem | Rawson |
| Outra parte do nome não tomada para palavra de ordem | Christopher |
| 942 ## - Elementos de entrada adicionados (Koha) | |
| Tipo de item no Koha | Livro |
| Situação do levantamento | Origin of item (home branch) (coded) | Biblioteca de empréstimo | Código de barras | Cota | Circulation type (not for loan) | Tipo de documento | Nota do exemplar | Damaged status |
|---|---|---|---|---|---|---|---|---|
| Biblioteca Escolar da Coca Maravilhas | Biblioteca Escolar da Coca Maravilhas | BECM4497/99 | 8BD RAW | Livro | Sem mensagem |
